Statistics for Levantine Sea Countries

Click here to take the quiz!

General Stats

  • This quiz has been taken 52 times
    (30 since last reset)
  • The average score is 8 of 8

Answer Stats

Country% Correct
Cyprus
100%
Egypt
100%
Lebanon
100%
Turkey
100%
Israel
97%
Syria
97%
Greece
93%
Libya
90%

Score Distribution

Percentile by Number Answered

Percent of People with Each Score

Your Score History

You have not taken this quiz since the last reset